000
00225 a2200097 4500
001
11365
100
_a
Gallagher, C
245
_a
The United States and North Africa
260
_a
_b
Harvard University
_c
090
_c
8914
_d
8914
942
_a
NUST-CAE
_c
M
_c
35727
999
_c
246438
_d
246438